000 00609nam a2200241Ia 4500
003 OSt
005 20221005121541.0
006 a|||||r|||| 00| 0
007 ta
008 221004b |||||||| |||| 00| 0 eng d
024 _a59528
037 _cTextual
040 _aCRL
_cCRL
_beng
041 _2eng
_aeng
082 _aVv, K4
100 _aHughes H Stuart
245 0 _aHistory as art and as science
_b Twin vistas on the past.
260 _c1964
490 _aWorld perspectives,32.
650 _aHISTORY
942 _hVv, K4
_cTEXL
_2cc
999 _c1041513
_d1041513